|
|
|
|
| LEADER |
00000nab a2200000 ar4500 |
| 001 |
vtls010266895 |
| 003 |
SK-MaSNL |
| 005 |
20260303092804.0 |
| 008 |
110328c20100517xo mr|p|||||||000 b|slo |
| 038 |
|
|
|a SNSK
|
| 040 |
|
|
|b slo
|c SNSK
|e AACR2
|
| 041 |
|
|
|a slo
|
| 044 |
|
|
|a xo
|c SK
|
| 080 |
|
|
|a 351.74
|x (437.678)
|2 2001
|
| 080 |
|
|
|a 343.23
|2 2001
|
| 100 |
1 |
|
|a Karasová, Erika,
|d 1973-
|4 aut
|9 89869
|
| 245 |
1 |
0 |
|a Policajtom na Západe pomôže občianska stráž
|b hľadajú vhodných adeptov na túto prácu
|c Erika Karasová
|
| 300 |
|
|
|b Fotogr.
|
| 650 |
0 |
7 |
|a polícia
|2 snsk
|9 1673
|
| 650 |
0 |
7 |
|a kriminalita
|2 snsk
|9 2180
|
| 651 |
|
7 |
|a Sídlisko Západ I. (Spišská Nová Ves, Slovensko)
|2 snsk
|9 1088061
|
| 651 |
|
7 |
|a Spišská Nová Ves (Slovensko)
|2 snsk
|9 28800
|
| 773 |
0 |
|
|t Spišský Korzár
|g Roč. XII., č. 111 (17.5.2010), s. 2
|x 1335-7590
|
| 852 |
|
|
|a SNSK
|b KIS3GCP
|
| 999 |
|
|
|c 1813021
|d 1814951
|